Continental Split 2024 / directed by Nick Lyon ; produced by David Michael Latt, David Rimawi. (Record no. 20840)

000 -LEADER
fixed length control field 01100nam a2200229 4500
008 - FIXED-LENGTH DATA ELEMENTS--GENERAL INFORMATION
fixed length control field 250527b xxu||||| |||| 00| 0 eng d
040 ## - CATALOGING SOURCE
Original cataloging agency Cagayan State University
Description conventions RDA
082 ## - DEWEY DECIMAL CLASSIFICATION NUMBER
Classification number 791.4372
Item number C7624 2024
245 ## - TITLE STATEMENT
Title Continental Split 2024 / directed by Nick Lyon ; produced by David Michael Latt, David Rimawi.
260 ## - PUBLICATION, DISTRIBUTION, ETC. (IMPRINT)
Place of publication, distribution, etc United States ;
Name of publisher, distributor, etc The Asylum,
Date of publication, distribution, etc 2024.
300 ## - PHYSICAL DESCRIPTION
Extent 1 videofile (ca. 88 mins.) :
Other physical details sound, color.
520 ## - SUMMARY, ETC.
Summary, etc Continental Split" (2024) is a disaster film where a team of seismologists and government agents race against time to prevent a massive earthquake from splitting the United States, according to IMDb. The film's plot revolves around a fault line that threatens to fracture the country, with the team trying to understand and stop the impending catastrophe.
650 ## - SUBJECT ADDED ENTRY--TOPICAL TERM
Topical term or geographic name as entry element Action.
650 ## - SUBJECT ADDED ENTRY--TOPICAL TERM
Topical term or geographic name as entry element Thriller.
700 ## - ADDED ENTRY--PERSONAL NAME
Personal name Morris, Jessica, star.
700 ## - ADDED ENTRY--PERSONAL NAME
Personal name Bruno, Chris, star.
700 ## - ADDED ENTRY--PERSONAL NAME
Personal name Morrow, Crew, star.
700 ## - ADDED ENTRY--PERSONAL NAME
Personal name Ruiz, E.R., star.
700 ## - ADDED ENTRY--PERSONAL NAME
Personal name Radenkovic, Pedja, cinematographer.
700 ## - ADDED ENTRY--PERSONAL NAME
Personal name Morris, Jessica, editor.
942 ## - ADDED ENTRY ELEMENTS (KOHA)
Source of classification or shelving scheme
Item type Audio-Visual Materials
Holdings
Source of acquisition Price effective from Permanent location Date last seen Not for loan Date acquired Source of classification or shelving scheme Koha item type Collection code Shelving location Damaged status Lost status Withdrawn status Current location Full call number
Donation2025-05-27Cagayan State University - Carig Library2025-05-27 2025-05-27 Audio-Visual MaterialsElectronic Media CenterElectronic Media Center   Cagayan State University - Carig Library791.4372 C7624 2024

Cagayan State University University Library, Carig Campus
Tuguegarao City, Cagayan 3500 | www.csucarig.edu.ph

Powered by Koha